[Event "World Junior U20 Open 2018"]
[Site "Gebze"]
[Date "2018.09.08"]
[Round "5.1"]
[White "Harsha Bharathakoti"]
[Black "Maghsoodloo, Parham"]
[Result "0-1"]
[WhiteElo "2474"]
[BlackElo "2649"]
[Annotator "TA"]
[PlyCount "76"]
[EventDate "2018.09.05"]
[EventType "swiss"]
[EventCountry "TUR"]
[SourceTitle "playchess.com"]
[Source "ChessBase"]
[SourceQuality "1"]

{[%evp 20,76,10,16,12,0,0,0,0,0,0,0,0,0,27,18,59,38,63,31,29,13,64,67,57,0,2,7,0,10,56,0,0,0,0,0,0,0,0,0,0,0,0,0,0,0,0,0,0,0,0,0,0,0,0,-29993,-29994,-29995,-29996]} 1. d4 {Marin,M} Nf6 2. c4 e6 3. Nc3 Bb4 4. e3 O-O 5. Bd2 b6 6. Nf3 Bb7 7. Bd3 a5 8. O-O d5 {E11: Bogo-Indian} 9. cxd5 exd5 10. Ne5 Nbd7 11. f4 {LiveBook: 3 Games} c5 12. a3 Bxc3 13. Bxc3 c4 {[#]} 14. Bf5 $146 ({Predecessor:} 14. Bc2 b5 15. Rf3 Ra6 16. Rg3 {½-½ (31) L'Ami,E (2628)-Anand,V (2810) Wijk aan Zee 2011 CBM 141 [Marin,M]}) 14... b5 15. Qe1 Nb8 16. Rd1 Ne8 {[%cal Bf6e8,Be8d6,Bd6e4][%mdl 32]} 17. Rf3 Nd6 18. Bc2 Ne4 19. Rh3 Bc8 20. g4 Ra7 (20... Ra6 $11) 21. Bxe4 $14 dxe4 22. d5 ({White should play} 22. f5 $1 $14) 22... f6 $1 $11 {[%cal Rf6e5]} 23. Nc6 Nxc6 24. dxc6 Qe8 25. Qh4 ({Better is} 25. Rd6 $14) 25... h6 $1 26. Rg3 {Strongly threatening g5.} Qxc6 27. g5 {Hoping for gxf6.} fxg5 28. fxg5 Rd7 29. gxh6 Rxd1+ 30. Kg2 g6 $1 31. h7+ $40 {[%mdl 128] White has some attack.} Kf7 32. h8=Q Rxh8 33. Qxh8 Bf5 $1 34. Qg7+ Ke8 $1 35. Qg8+ Kd7 36. Bxa5 {Qd8+ is the strong threat.} Qf6 37. Bc3 $2 {[%mdl 8192] [#]} (37. Qh7+ $11 Ke6 38. Qg8+ Kd7 39. Qh7+ Ke6 40. Qg8+ Kd7) 37... Bh3+ $1 {[%mdl 512]} 38. Kxh3 Qf5+ {Precision: White = 80%, Black = 72%.} 0-1

[Event "World Junior U20 Open 2018"]
[Site "Gebze"]
[Date "2018.09.08"]
[Round "5.2"]
[White "Firouzja, Alireza"]
[Black "Sindarov, Javokhir"]
[Result "1/2-1/2"]
[WhiteElo "2582"]
[BlackElo "2484"]
[Annotator "TA"]
[PlyCount "129"]
[EventDate "2018.09.05"]
[EventType "swiss"]
[EventCountry "TUR"]
[SourceTitle "playchess.com"]
[Source "ChessBase"]
[SourceQuality "1"]

{[%evp 34,129,24,7,14,18,28,19,68,69,125,124,122,116,122,107,171,116,137,136,146,141,275,284,343,339,372,364,364,366,372,261,363,358,587,558,1090,183,255,280,280,272,288,289,434,33,34,33,35,40,42,31,29,31,31,31,32,27,34,35,35,35,67,67,67,59,71,71,71,71,71,71,71,71,71,68,71,71,71,0,67,0,67,67,68,67,71,71,72,67,67,66,72,72,72,72,72,71]} 1. e4 e5 2. Nf3 Nc6 3. Bb5 a6 4. Ba4 Nf6 5. O-O Be7 6. Re1 b5 7. Bb3 d6 8. c3 O-O 9. h3 Bb7 10. d4 Re8 11. Nbd2 Bf8 12. a4 h6 13. Bc2 exd4 14. cxd4 Nb4 15. Bb1 c5 16. d5 Nd7 17. Ra3 c4 18. Ree3 {LiveBook: 15 Games. C92: Closed Ruy Lopez: 9...Be6, Karpov and Flohr-Zaitsev Variations} (18. axb5 axb5 19. Nd4 Rxa3 20. bxa3 Nd3 21. Bxd3 cxd3 22. Bb2 Nc5 23. Bc3 Qb6 24. Re3 Bc8 25. N4b3 Qa6 26. Bb4 Qa4 27. Qb1 f5 28. exf5 Rxe3 29. fxe3 Bxf5 30. Nd4 Bd7 31. N4f3 Bf5 {½-½ (31) Yu,Y (2750)-Harikrishna,P (2758) Shenzhen 2017}) 18... g6 19. axb5 axb5 20. b3 {[#] White has an edge.} Ba6 $146 ({Predecessor:} 20... c3 21. Rxc3 Bg7 22. Re3 Rxa3 23. Bxa3 Qa5 24. Bxb4 Qxb4 25. Ne1 Qa5 {½-½ (46) Poehr,A (2440)-Rogos,J (2518) ICCF email 2012}) 21. Bb2 Bg7 (21... Ne5 $1 $14) 22. Bxg7 $16 Kxg7 23. bxc4 bxc4 {[#]} 24. Nxc4 $1 {[%mdl 512]} Qf6 {[#]} (24... Bxc4 $16 25. Rxa8 Qxa8) 25. Ncd2 ({White should play} 25. Na5 $1 $18) 25... Nc5 26. Rac3 Rac8 27. Nb3 {aiming for e5!} Na4 (27... Nd7 $16) 28. Rxc8 $18 Rxc8 29. Qd2 Rb8 30. e5 dxe5 31. Nxe5 (31. Rxe5 Bc4 $11) 31... Rb5 32. Re4 {Black must now prevent Ng4.} Rxd5 33. Qxb4 Rd1+ $2 {[#]} (33... Rxe5 {might work better.} 34. Qxa4 Rf5) 34. Kh2 $1 (34. Re1 $2 Qb6 $19) 34... Qxf2 35. Qxa4 $2 (35. Nxg6 {Intending Qf8+ and mate.} Qg1+ 36. Kg3) 35... Bb7 (35... Rxb1 {was worth a try.} 36. Qxa6 Qg1+ 37. Kg3 Rb2) 36. Ng4 ({Don't go for} 36. Bd3 $2 Rg1 $19) 36... Qg1+ 37. Kg3 Rxb1 38. Re2 Bxg2 (38... h5 $142) 39. Qd4+ $2 (39. Rxg2 $18 Qe1+ 40. Rf2 Qc3+ 41. Rf3 Rg1+ 42. Kh2 Qxf3 43. Kxg1 Qg3+ 44. Kf1 Qxh3+ 45. Ke2 Qg2+ 46. Nf2) 39... Qxd4 $14 40. Nxd4 Bd5 41. Re5 Ba2 42. Ra5 Rb4 43. Nc6 ({Resist} 43. Rxa2 $6 Rxd4 44. Ra7 h5 $16) 43... Rb3+ 44. Kf2 Rb2+ 45. Ke3 Be6 46. Nd4 Bxg4 47. hxg4 {[%mdl 4096] Endgame KRN-KR} f5 48. gxf5 gxf5 49. Kf4 Kf6 50. Ra6+ Ke7 51. Ke5 Kd7 52. Ra7+ Kc8 53. Kd6 Rb7 54. Ra8+ Rb8 55. Ra1 {Nc6 would kill now.} Rb2 56. Ra7 {White threatens Rc7+ and mate.} Rb7 $1 {[%cal Rb7a7]} 57. Ra8+ Rb8 58. Ra5 {Threatening mate with Nc6.} Rb1 59. Rxf5 Rd1 60. Kd5 Kb7 61. Rf6 h5 62. Rh6 h4 63. Rxh4 {White is better.} Kb6 64. Rh6+ Kb7 65. Ke4 {Precision: White = 54%, Black = 40%.} 1/2-1/2

[Event "World Junior U20 Open 2018"]
[Site "Gebze"]
[Date "2018.09.08"]
[Round "5.3"]
[White "Vavulin, Maksim"]
[Black "Donchenko, Alexander"]
[Result "1/2-1/2"]
[WhiteElo "2559"]
[BlackElo "2614"]
[Annotator "TA"]
[PlyCount "94"]
[EventDate "2018.09.05"]
[EventType "swiss"]
[EventCountry "TUR"]
[SourceTitle "playchess.com"]
[Source "ChessBase"]
[SourceQuality "1"]

{[%evp 13,94,-9,0,-9,-24,-27,-24,-23,0,0,0,-9,-9,-20,-7,-25,-7,-11,0,-12,-14,-14,12,14,23,23,23,23,14,20,16,16,20,25,14,0,0,0,0,0,0,0,0,-5,0,-16,-4,-17,-4,-6,-6,-7,-7,-14,0,-18,0,-20,0,-23,-12,-16,-25,-16,0,0,0,0,0,0,0,0,0,0,0,-19,0,0,0,-6,22,0,0]} 1. e4 c5 2. Nf3 d6 3. Nc3 Nf6 4. e5 dxe5 5. Nxe5 a6 6. g3 {B50: Sicilian: 2...d6, Miscellaneous} Nbd7 (6... Qc7 7. d4 cxd4 8. Qxd4 Nc6 9. Nxc6 Qxc6 10. Bg5 e6 11. Bxf6 gxf6 12. Qxf6 Rg8 13. O-O-O Be7 {½-½ (98) Artemiev,V (2691)-Mamedov,R (2709) Huaian 2017}) 7. d4 e6 {LiveBook: 11 Games. Threatens to win with ...cxd4.} 8. Bg2 cxd4 $1 9. Qxd4 Bc5 $1 {[%cal Rc5d4]} 10. Qa4 $1 O-O (10... Rb8 {is more complex.} 11. Bg5 b5 12. Qf4 Bd6 13. Bxf6 Qxf6 14. Qxf6 Nxf6 15. Nc6 Bb7) 11. Nd3 Bd6 12. O-O Rb8 13. Re1 $146 ({Predecessor:} 13. Qd4 Qc7 {0-1 (43) Elishev,I (2087)-Ranaivoharisoa,A (2142) Caleta 2018}) 13... Qc7 14. Qb3 h6 15. a4 b6 16. Ne4 Nxe4 17. Rxe4 Nf6 18. Rc4 Qe7 19. Nb4 {[#] Hoping for Nc6.} Bb7 20. Nc6 Bxc6 $1 21. Rxc6 Bc5 22. Be3 Bxe3 23. Qxe3 Qb4 24. Qc3 (24. Qc1 {looks sharper.} Rfc8 25. Rxc8+ Rxc8 26. c3 Qe7 27. Qe3) 24... Qxc3 25. Rxc3 a5 26. Bf1 Rfd8 27. Be2 Kf8 28. Kf1 Ne4 29. Rd3 Ke7 30. Ke1 g5 31. Rad1 Rxd3 32. Bxd3 $11 {[%mdl 4096] Endgame KRB-KRN} Nd6 33. c3 f5 34. Kd2 e5 {[%cal Be6e5,Be5e4][%mdl 32]} 35. Kc2 e4 36. Bf1 Rc8 37. Rd4 Ke6 38. Be2 g4 {The position is equal.} 39. Kd2 h5 40. Bd1 Ke5 41. Bb3 {Black must now prevent Rd5+.} Rc5 42. Ba2 b5 43. axb5 Rxb5 44. Kc1 Rc5 45. Kd2 Rb5 46. Kc1 Rc5 47. Kd2 Rb5 {Precision: White = 50%, Black = 58%.} 1/2-1/2

[Event "World Junior U20 Open 2018"]
[Site "Gebze"]
[Date "2018.09.08"]
[Round "5.4"]
[White "Christiansen, Johan-Sebastian"]
[Black "Puranik, Abhimanyu"]
[Result "1-0"]
[WhiteElo "2525"]
[BlackElo "2524"]
[Annotator "TA"]
[PlyCount "75"]
[EventDate "2018.09.05"]
[EventType "swiss"]
[EventCountry "TUR"]
[SourceTitle "playchess.com"]
[Source "ChessBase"]
[SourceQuality "1"]

{[%evp 25,75,38,45,2,20,23,27,28,39,58,45,31,62,54,51,60,144,151,133,142,170,118,195,180,160,197,231,224,182,182,184,184,199,196,210,206,353,341,488,438,478,479,624,624,621,616,592,568,767,711,4132,4132]} 1. Nf3 Nf6 2. c4 g6 3. d4 Bg7 4. g3 d5 5. cxd5 Nxd5 6. Bg2 Nb6 7. O-O Nc6 8. e3 O-O 9. Nc3 Re8 10. a3 {D76: Fianchetto Grünfeld: Main Line with 7...Nb6} a5 11. d5 Ne5 12. Nxe5 Bxe5 13. Qc2 Bd7 {[#] LiveBook: 3 Games} 14. Rb1 $146 ({Predecessor:} 14. Rd1 Qc8 15. e4 e6 16. dxe6 Bxe6 17. a4 Rd8 {1-0 (65) Edouard,R (2659)-Hunt,A (2437) Hastings 2015}) 14... Qc8 15. f4 Bg7 16. e4 e6 17. dxe6 $1 Bxe6 18. Be3 Nc4 19. Bf2 c6 20. a4 Bh3 (20... Qc7 $14) 21. Bxh3 $16 Qxh3 {[#]} 22. e5 $1 Rad8 23. Rbd1 (23. Ne4 $18 b5 24. Rbc1) 23... Qf5 {[#]} (23... b5 $16 {was called for.}) 24. Qe2 $1 $18 {[%cal Re2c4]} Qe6 25. b3 {And now Rxd8 would win.} Nxe5 26. fxe5 Qxb3 27. Rxd8 Rxd8 28. Ne4 Bxe5 29. Nc5 Qd5 30. Nxb7 Rb8 (30... Rd7 $142) 31. Rd1 Qe6 (31... Qb3 $142 32. Nxa5 Qxa4) 32. Nxa5 {White is clearly winning.} c5 33. Nc4 Bxg3 34. Qxe6 Bxf2+ 35. Kxf2 {White wants to mate with Qf6.} fxe6 36. a5 {[%cal Ba4a5,Ba5a6][%mdl 32]} Rb4 37. Rd8+ Kg7 38. a6 {Precision: White = 88%, Black = 23%.} 1-0

[Event "World Junior U20 Open 2018"]
[Site "Gebze"]
[Date "2018.09.08"]
[Round "5.5"]
[White "Karthikeyan, Murali"]
[Black "Sadikhov, Ulvi"]
[Result "1/2-1/2"]
[WhiteElo "2605"]
[BlackElo "2491"]
[Annotator "TA"]
[PlyCount "78"]
[EventDate "2018.09.05"]
[EventType "swiss"]
[EventCountry "TUR"]
[SourceTitle "playchess.com"]
[Source "ChessBase"]
[SourceQuality "1"]

{[%evp 25,78,28,26,9,10,11,13,9,12,9,54,4,4,4,4,4,0,0,0,0,5,-19,-4,-12,-21,-46,-52,-45,-50,-66,-81,-82,-8,-8,0,0,0,0,0,0,0,0,0,0,0,0,0,0,0,0,0,0,0,0,0]} 1. Nf3 Nf6 2. g3 g6 3. Bg2 Bg7 4. O-O O-O 5. d4 d6 6. c4 Nbd7 7. Nc3 e5 8. e4 a6 9. Re1 exd4 10. Nxd4 Ne5 11. b3 c5 12. Nc2 Rb8 13. h3 {E68: King's Indian: Fianchetto: 6...Nbd7 7 0-0 e5 8 e4} Nc6 {LiveBook: 3 Games} 14. Bf4 $146 ({Predecessor:} 14. Rb1 b5 15. cxb5 axb5 16. b4 Nd7 17. Nd5 Nde5 18. f4 Nc4 19. Qd3 cxb4 20. Ncxb4 Nxb4 21. Nxb4 {½-½ (41) Danielian,E (2475)-Dzagnidze,N (2550) Dilijan 2013}) 14... Nh5 15. Bd2 b5 16. Nd5 bxc4 17. bxc4 Ne5 18. g4 Nf6 {[#] White must now prevent ...Nxd5.} 19. Bg5 $1 h6 $36 {[%mdl 2048] Black fights for an advantage.} 20. Nxf6+ Bxf6 21. Bxh6 Re8 22. Ne3 Be6 23. Bf4 Rb2 24. Rc1 Rxa2 25. Re2 Rxe2 26. Qxe2 Bg5 27. Bg3 {[#] aiming for f4.} Qf6 28. Rd1 Bf4 (28... a5 $17) 29. Rxd6 $11 {The position is equal.} Bxg3 30. fxg3 Rb8 31. Nd5 Qg5 32. Qf1 Bxd5 33. Rxd5 Qe3+ 34. Kh2 $1 Rb3 35. Qf4 Nxc4 {Strongly threatening ...Rb2.} 36. Qc7 Rb2 37. Rd8+ Kg7 {( -> ...Qf2)} 38. Qe7 Rxg2+ $1 39. Kxg2 {Qf8+ is the strong threat.} Qe2+ {Precision: White = 62%, Black = 79%.} 1/2-1/2

[Event "World Junior U20 Open 2018"]
[Site "Gebze"]
[Date "2018.09.08"]
[Round "5.6"]
[White "Karthik Venkataraman"]
[Black "Martirosyan, Haik M"]
[Result "1-0"]
[WhiteElo "2519"]
[BlackElo "2597"]
[Annotator "TA"]
[PlyCount "159"]
[EventDate "2018.09.05"]
[EventType "swiss"]
[EventCountry "TUR"]
[SourceTitle "playchess.com"]
[Source "ChessBase"]
[SourceQuality "1"]

{[%evp 22,159,35,27,41,34,39,36,60,31,52,56,52,41,77,81,92,96,90,76,82,85,84,91,104,68,94,66,79,52,94,62,120,112,113,115,108,122,152,66,92,93,93,73,88,95,95,103,108,114,146,137,143,125,129,133,179,179,168,160,154,133,152,141,141,137,238,243,433,418,594,594,752,725,1024,936,914,847,676,595,12829,5800,12833,12833,12841,12842,12842,12837,12837,12838,12838,12839,12839,12835,12836,12836,12837,12832,12834,0,12837,12837,12837,12837,12837,12831,12842,12843,12843,12842,12842,12839,12842,12839,12838,0,12840,12840,12842,12841,12842,12841,12844,12837,12839,12838,12843,12842,12842,12843,12843,12843,12850,29977,12851,29975,12851,12851,12851,29986]} 1. e4 e5 2. Nf3 Nc6 3. Bc4 Bc5 4. d3 Nf6 5. O-O h6 6. c3 d6 7. a4 a6 8. Nbd2 {[%cal Bb1d2,Bd2f1,Bf1g3][%mdl 32] C54: Giuoco Piano: 4 c3 Nf6, main lines with 5 d4 and 5 d3} (8. Re1 O-O 9. h3 a5 10. Nbd2 Be6 11. Bb5 Na7 12. d4 Nxb5 13. axb5 exd4 14. Nxd4 Bd7 15. Nf1 Re8 {½-½ (104) Vachier Lagrave,M (2789)-Karjakin,S (2782) Leuven 2018}) 8... O-O 9. Re1 Ba7 10. h3 Ne7 11. Nf1 Ng6 12. Ng3 {LiveBook: 21 Games} a5 13. d4 $146 ({Predecessor:} 13. Bb3 Re8 14. d4 Bd7 15. Bc4 Qe7 16. Qb3 Qf8 17. Be3 Bc6 18. Bb5 exd4 19. Bxd4 {½-½ (33) Fedorchuk,S (2623)-Salgado Lopez,I (2662) Monzon 2016}) 13... exd4 14. Nxd4 c6 15. Ndf5 d5 16. exd5 $1 Nxd5 17. Bxd5 cxd5 18. Be3 {And now Bxa7 would win.} Bxf5 19. Nxf5 Bxe3 20. Rxe3 {Qd4 is the strong threat.} Qg5 21. Qg4 ({Not} 21. Qxd5 Nf4 $17) 21... Qxg4 22. hxg4 Rfd8 23. Rd1 Rd7 24. f3 Rad8 25. Red3 Kf8 26. Ne3 Ne7 (26... Nf4 $14) 27. Nc4 $16 b6 28. Nxb6 Rb7 29. Nxd5 Rxb2 {[#]} 30. Ne3 ({White should try} 30. Nxe7 $1 $16 Rxd3 31. Rxd3 Kxe7 32. Rd5) 30... Rxd3 31. Rxd3 $14 {[%cal Rd3d8][%mdl 4096] Endgame KRN-KRN} g6 32. Rd8+ Kg7 33. Rd7 Kf8 34. Ra7 Re2 35. Nc4 Rc2 36. Rxa5 Rxc3 37. Ra8+ Kg7 38. Nd6 Rd3 39. Ne8+ Kf8 40. Nc7+ Kg7 41. a5 Nc6 42. a6 Ra3 43. Rc8 {aiming for Ne8+.} Nb4 (43... Ra1+ $16 44. Kh2 Kf6 45. Ne8+ Ke7) 44. Rb8 $18 Nxa6 $2 (44... Ra1+ {is a better defense.} 45. Kh2 Nc6) 45. Ra8 Nxc7 (45... Ra1+ $142 46. Kh2 Rh1+ 47. Kxh1 Nxc7) 46. Rxa3 {KR-KN} Ne6 47. Kf2 Nf8 48. Ra5 Nh7 49. Ke3 Kf6 50. Ra6+ Kg7 51. Kf4 (51. Kd4 $142 Nf6 52. Rd6) 51... Nf8 52. Rd6 g5+ 53. Kf5 Nh7 54. Ke5 Nf8 55. g3 Ng6+ 56. Ke4 Ne7 57. Ra6 Ng8 58. Ke5 Ne7 59. Kd6 Ng8 60. Ke5 Ne7 61. f4 Ng6+ 62. Ke4 Nf8 63. Kf5 gxf4 64. gxf4 Ng6 65. Ke4 Nf8 66. Kf3 Nd7 67. Kg3 Nf6 68. Kf3 $2 (68. Rc6 $18 {Threatens to win with Ra6.} Ne4+ 69. Kf3) 68... Kg6 $2 {[%mdl 8192]} (68... Nd7 $11 69. Rc6 Nf6) 69. Ra1 Nd7 70. Rg1 Kg7 71. Ke4 Kg6 72. Kd5 Nf8 73. Ke5 Kg7 74. Ke4 Nd7 {[#]} 75. Kf5 $1 Nf8 76. g5 hxg5 77. Rxg5+ Kh6 78. Rg4 (78. Rg2 $18 Ng6 79. Rd2) 78... Nd7 79. Rg1 Kh7 80. Rd1 {Precision: White = 67%, Black = 44%.} (80. Kg5 $18 Kg7 81. Rd1) 1-0

[Event "World Junior U20 Open 2018"]
[Site "Gebze"]
[Date "2018.09.08"]
[Round "5.7"]
[White "Esipenko, Andrey"]
[Black "Tang, Andrew"]
[Result "1-0"]
[WhiteElo "2593"]
[BlackElo "2489"]
[Annotator "TA"]
[PlyCount "73"]
[EventDate "2018.09.05"]
[EventType "swiss"]
[EventCountry "TUR"]
[SourceTitle "playchess.com"]
[Source "ChessBase"]
[SourceQuality "1"]

{[%evp 15,73,19,19,20,21,12,20,13,22,29,27,21,14,7,65,64,104,86,107,115,129,125,120,137,118,118,135,139,137,103,97,87,102,101,108,56,66,57,77,81,116,106,143,144,187,187,207,214,192,195,202,192,261,254,258,228,227,243,629,269]} 1. d4 {Grover,S} d5 2. c4 e6 3. Nc3 Be7 4. cxd5 exd5 5. Bf4 c6 6. Qc2 {D31: Queen's Gambit Declined: Semi-Slav without ...Nf6 (+ Marshall Gambit and Noteboom) and Exchange Variation lines without ...Nf6} (6. e3 Bf5 7. g4 Be6 8. Qb3 Qb6 9. f3 g5 10. Be5 f6 11. Bg3 Qxb3 12. axb3 h5 13. gxh5 Rxh5 14. Bd3 Kf7 15. h4 f5 {½-½ (42) Kramnik,V (2800)-So,W (2799) Berlin 2018}) 6... Nf6 7. h3 Ne4 8. e3 Qa5 {LiveBook: 4 Games} 9. a3 Bf5 10. Bd3 Na6 {Threatens to win with ...Nb4!} 11. Ra2 $146 ({Predecessor:} 11. Rc1 Nxc3 12. Qxc3 Qxc3+ 13. Rxc3 Bxd3 14. Rxd3 {½-½ (65) Turov,M (2640)-Grover,S (2532) Wijk aan Zee 2012 CBM 147 [Grover,S]}) 11... Nxc3 12. bxc3 Bxd3 13. Qxd3 O-O 14. Ne2 c5 (14... Qa4 $11) 15. O-O $14 {[%cal Bh1f1,Bf1b1,Bb1b5][%mdl 32]} Rac8 16. Rb1 b6 17. a4 $1 Nc7 18. Bxc7 Rxc7 19. Rb5 Qa6 20. a5 bxa5 21. Raxa5 Qc8 22. Rb1 Rd8 23. Qa6 Qf5 24. Rb7 Bd6 {[#] And now ...Rxb7 would win.} 25. Rab5 (25. g4 $1 $16 {[%cal Rg4f5]} Qd7 26. Rxc7 (26. Rxa7 cxd4 27. Nxd4 h5 $16) 26... Bxc7 27. Rxc5) 25... Rcc8 26. Rb2 cxd4 27. cxd4 ({Don't play} 27. exd4 Qe6 $11) 27... Bb8 28. Qa2 Qf6 29. Qb1 Qd6 {[#]} 30. g3 $1 a5 31. R2b6 Qf8 32. Ra6 Bc7 33. Qb5 g6 (33... h5 {might work better.} 34. Raa7 Qd6) 34. Raa7 $18 Rb8 35. Qc6 Rxb7 36. Qxb7 Rd7 $2 (36... Bd6 37. Rxa5 Qe8) 37. Rxa5 {Precision: White = 80%, Black = 46%.} (37. Nc3 $142) 1-0

[Event "World Junior U20 Open 2018"]
[Site "Gebze"]
[Date "2018.09.08"]
[Round "5.9"]
[White "Aravindh, Chithambaram VR"]
[Black "Kevlishvili, Robby"]
[Result "1-0"]
[WhiteElo "2578"]
[BlackElo "2485"]
[Annotator "TA"]
[PlyCount "79"]
[EventDate "2018.09.05"]
[EventType "swiss"]
[EventCountry "TUR"]
[SourceTitle "playchess.com"]
[Source "ChessBase"]
[SourceQuality "1"]

{[%evp 13,79,6,11,0,15,14,29,38,31,29,23,27,42,29,58,30,46,50,32,22,52,55,78,29,42,43,155,126,181,177,195,200,201,195,276,276,274,271,235,267,271,279,275,258,265,265,404,400,709,708,679,535,665,382,379,379,377,369,460,474,481,458,458,458,458,451,443,443]} 1. Nf3 d5 2. g3 g6 3. Bg2 Bg7 4. d4 Nf6 5. O-O Nbd7 (5... O-O 6. c4 dxc4 7. Na3 c5 8. Nxc4 Be6 9. Nce5 cxd4 10. Qxd4 Qxd4 11. Nxd4 Bd5 12. Rd1 Bxg2 13. Kxg2 Rd8 14. Bf4 Nd5 15. Ndf3 Na6 16. Bd2 {½-½ (35) Nakamura,H (2777)-Caruana,F (2822) Saint Louis 2018}) 6. c4 {D02: Damenbauernspiele} dxc4 7. Nbd2 Nb6 {LiveBook: 3 Partien} 8. e4 {Die Stellung ist ausgeglichen.} c6 9. Qc2 O-O 10. a4 a5 11. b3 cxb3 12. Nxb3 Nbd7 $146 13. Re1 {[%mdl 1024] Weiss hat Kompensation.} Ne8 14. Bf4 Nc7 15. Bd2 e5 $1 16. Bg5 Qe8 17. d5 $1 {[%cal Bd4d5,Bd5d6][%mdl 32]} Nb8 18. d6 Ne6 19. Be7 Nd7 (19... f6 $1 $14) 20. Qc3 $36 {[%mdl 2048] Läuft bei Weiss.} (20. Bxf8 Bxf8 21. Rad1 c5 $16) 20... f6 (20... b6 $16) 21. Bh3 $18 (21. Nxa5 $6 Rf7 $16) 21... Qf7 22. Bxf8 Bxf8 {[#]} 23. Red1 $1 (23. Nxa5 $6 Bxd6 24. Nxc6 Ndc5) 23... c5 (23... Nb8 $142) 24. Bxe6 (24. Nxa5 $6 Nd4 $16) 24... Qxe6 25. Nxc5 Nxc5 26. Qxc5 Bd7 {beabsichtigt ...Lc6.} 27. Qc7 Ra6 28. Rab1 (28. Qxb7 $6 Rxd6 29. Rxd6 Qxd6 $16) 28... Rxd6 29. Rxd6 (29. Qxa5 Bc6 $11) 29... Bxd6 (29... Qxd6 $142 30. Qxd6 (30. Rxb7 Qxc7 31. Rxc7 Bxa4 $14) (30. Qxa5 Bc6 $11) (30. Qxb7 Qc6 $16) 30... Bxd6) 30. Qd8+ Bf8 (30... Qe8 $142 31. Qxf6 Qf8 32. Qxf8+ Kxf8 33. Rxb7 Bxa4) 31. Rxb7 Bc6 32. Rb6 Qe8 33. Qxe8 Bxe8 34. Rxf6 Bxa4 {[%mdl 4096] Endspiel KTS-KL} 35. Ra6 Bd1 36. Nxe5 {Weiß steht klar auf Gewinn.} a4 37. Nd7 Be7 38. Nb6 a3 39. Nc4 Be2 40. Ra8+ {Precision: Weiß = 85%, Schwarz = 44%.} 1-0

[Event "World Junior U20 Open 2018"]
[Site "Gebze"]
[Date "2018.09.08"]
[Round "5.10"]
[White "Bellahcene, Bilel"]
[Black "Tabatabaei, M amin"]
[Result "0-1"]
[WhiteElo "2501"]
[BlackElo "2576"]
[Annotator "TA"]
[PlyCount "70"]
[EventDate "2018.09.05"]
[EventType "swiss"]
[EventCountry "TUR"]
[SourceTitle "playchess.com"]
[Source "ChessBase"]
[SourceQuality "1"]

{[%evp 31,70,18,25,0,51,0,0,0,7,7,64,0,0,0,0,0,0,-5,-5,-5,-5,-5,-5,-21,-21,-23,-8,-25,-37,-38,-27,-66,-29,-136,-133,-137,-134,-175,-159,-482,-475]} 1. e4 c5 2. Nf3 Nc6 3. d4 cxd4 4. Nxd4 Nf6 5. Nc3 e5 6. Ndb5 {[%cal Bd4b5,Bb5a3,Ba3c2,Bc2e3,Be3f5][%mdl 32]} d6 7. Bg5 a6 8. Na3 b5 9. Bxf6 gxf6 10. Nd5 f5 11. c3 Bg7 12. exf5 Bxf5 13. Nc2 O-O 14. Nce3 Be6 15. g4 Ne7 16. Bg2 {B33: Sizilianisch (Lasker/Pelikan/Sweschnikow-Variante)} Rc8 {LiveBook: 3 Partien} (16... Nxd5 17. Bxd5 Rc8 18. Qf3 Bh6 19. Nf5 Bxf5 20. Qxf5 Qg5 21. Bxf7+ Kg7 22. Qxg5+ Bxg5 23. Be6 Rce8 {1-0 (63) Duda,J (2652)-Klekowski,M (2432) Poznan 2016}) 17. O-O h5 $146 (17... Nxd5 $11 18. Bxd5 Bh6) ({Vorgänger:} 17... Nxd5 18. Bxd5 Bh6 19. Qf3 Qh4 20. Kh1 Bf4 21. h3 Bxe3 22. Bxe6 fxe6 23. Qxe3 Rc4 24. Qg3 Qxg3 25. fxg3 Re4 26. Rxf8+ {½-½ (26) Wahl,F (2040)-Maugg,L (2160) Oberstdorf Tiefenbach 1999}) 18. Nxe7+ ({Günstiger ist} 18. gxh5 $14 Kh8 19. a4) 18... Qxe7 $11 19. Nf5 Qf6 20. f4 ({Bitte nicht} 20. Nxd6 Rfd8 $17) 20... hxg4 (20... Rc4 $11) 21. fxe5 (21. Nxg7 $14 Qxg7 22. Qxd6) 21... Qg5 22. Nxg7 Kxg7 23. exd6 {Droht Dd4+ und aus.} Qc5+ 24. Qd4+ Qxd4+ 25. cxd4 Rcd8 26. d5 $132 {[%mdl 2048] Weiss is not keeping still} Bc8 27. Kf2 Rxd6 28. Kg3 f5 29. Rad1 Rh8 30. Rf2 Kg6 31. Re1 Kf6 32. Rfe2 (32. Kf4 $11) 32... Kg5 $17 {Droht stark ...f4+.} 33. Re5 Rdh6 34. Rc1 Rxh2 35. d6 $2 {[#]} (35. b3 $17) 35... Bb7 $1 {[%mdl 512] Precision: Weiß = 31%, Schwarz = 59%.} 0-1

[Event "World Junior U20 Open 2018"]
[Site "Gebze"]
[Date "2018.09.08"]
[Round "5.11"]
[White "Liang, Awonder"]
[Black "Sargsyan, Shant"]
[Result "1/2-1/2"]
[WhiteElo "2575"]
[BlackElo "2477"]
[Annotator "TA"]
[PlyCount "58"]
[EventDate "2018.09.05"]
[EventType "swiss"]
[EventCountry "TUR"]
[SourceTitle "playchess.com"]
[Source "ChessBase"]
[SourceQuality "1"]

{[%evp 21,58,46,36,37,44,32,31,-10,47,7,7,0,0,0,0,0,0,-28,-33,-18,-20,-19,-28,-31,10,10,7,0,0,0,6,4,0,-982,-823,-806,-556,-1221,-461]} 1. c4 e5 2. Nc3 Nf6 3. Nf3 Nc6 4. e3 Bb4 5. Qc2 Bxc3 6. Qxc3 Qe7 7. b3 {A28: English Opening: Four Knights Variation} d5 8. d4 exd4 9. Nxd4 Nxd4 10. Qxd4 c5 11. Qf4 O-O {LiveBook: 4 Games} 12. Bb2 Be6 $146 ({Predecessor:} 12... d4 13. O-O-O dxe3 14. Re1 Qe4 15. Qxe3 {½-½ (40) Svidler,P (2753)-Navara,D (2741) Biel 2018}) 13. Be2 Rfd8 {[%cal Bf8d8,Bd8d2,Bd2c2,Bc2c4,Bc4a4][%mdl 32]} 14. Qe5 Qf8 ({Better is} 14... dxc4 $11 15. bxc4 Ne8) 15. O-O dxc4 16. bxc4 Rd2 17. Rfe1 Rad8 18. Bc3 Rc2 {[#] ...Nd7 is the strong threat.} 19. Bd1 Ng4 20. Bxg4 $1 Bxg4 21. Ba5 Re8 $36 {[%mdl 2048] Black has some pressure.} 22. Qd5 Be6 23. Qxb7 Rxc4 24. Red1 Ra4 25. Qxa7 Ra8 26. Qxa8 $1 Qxa8 27. Bd8 $2 {[%mdl 8192] [#]} (27. Rd8+ $11 Qxd8 28. Bxd8) 27... Rxa2 {Black is clearly winning.} 28. Rxa2 Bxa2 29. f3 Be6 {[%mdl 32768] Precision: White = 51%, Black = 70%. . An unexpected result.} (29... Bb3 $142 30. Rd7 Qa1+ 31. Kf2 Qb2+ 32. Kg3 Be6) 1/2-1/2